000 01238nam1a2200289 i 4500
001 RU\NLR\bibl\137985
005 20240920060635.0
035 _a(NLR Aleph) 000135157
090 _a772601
_c772601
100 _a20010302g19 9999u y0rusy50 ca
101 0 _arus
102 _aRU
105 _aa |||||||||
200 1 _aБизнес-карта 98. Игрушки. Посуда. Спорттовары. Стекло. Фарфор. Ювелирные изделия
_e[СНГ
_eДеловые справ.]
210 _aМ.
_cАДИ "Бизнес-карта"
_d1998
215 _d20
300 _aНа обороте тит.л. загл.: Бизнес-карта-98. Промышленность. Отрасль
463 0 _100193793
517 0 _aИгрушки. Посуда. Спорттовары. Стекло. Фарфор. Ювелирные изделия
517 0 _aБизнес-карта 98. Промышленность. Отрасль
606 1 _aПромышленность
_jБизнес-карты
_yСтраны СНГ
_92161682
_3RU\NLR\auth\661300898
686 _aУ30(2)я2
801 0 _aRU
_bNLR
_c20010302
_gPSBO
801 1 _aRU
_bNLR
_c20010302
852 _aNLR
_j2001-3/1293
942 _cBOOK